Table analytique et raisonnée des matieres contenues dans les XXXIII volumes in-folio du dictionnaire des sciences, des arts et des mètiers, et dans son supplément. (Record no. 165945)

MARC details
000 -LEADER
campo de control de longitud fija 01154nam a2200253 i 4500
001 - NÚMERO DE CONTROL
campo de control 165945
003 - IDENTIFICADOR DE NÚMERO DE CONTROL
campo de control ES-MaACL
005 - FECHA Y HORA DE LA ÚLTIMA TRANSACCIÓN
campo de control 20250826015757.0
008 - DATOS DE LONGITUD FIJA--INFORMACIÓN GENERAL
campo de control de longitud fija 960604s1780 fr a e 001 0 lat d
245 00 - MENCIÓN DEL TÍTULO
Título Table analytique et raisonnée des matieres contenues dans les XXXIII volumes in-folio du dictionnaire des sciences, des arts et des mètiers, et dans son supplément.
260 ## - PUBLICACIÓN, DISTRIBUCIÓN, ETC.
Lugar de publicación, distribución, etc. A Paris :
Nombre del editor, distribuidor, etc. chez Panckoucke ;
Lugar de publicación, distribución, etc. A Amsterdam :
Nombre del editor, distribuidor, etc. chez Marc-Michel Rey,
Fecha de publicación, distribución, etc. 1780.
300 ## - DESCRIPCIÓN FÍSICA
Extensión 2 v. ([4], 944 p. ; [4], 907 p.) ;
Dimensiones Fol.
597 ## - NOTA DE DESCRIPCIÓN FÍSICA
NOTA DE DESCRIPCIÓN FÍSICA Sign.: []2, A-10Z2, 11A-11F2 ; []2, A-9Z2, 10A-10V2.
597 ## - NOTA DE DESCRIPCIÓN FÍSICA
NOTA DE DESCRIPCIÓN FÍSICA Port. con grab. xil.
597 ## - NOTA DE DESCRIPCIÓN FÍSICA
NOTA DE DESCRIPCIÓN FÍSICA Antep.
599 ## - NOTA A LAS ILUSTRACIONES
NOTA A LAS ILUSTRACIONES Grab. xil. en cabecera de texto.
650 #4 - PUNTO DE ACCESO ADICIONAL DE MATERIA--TÉRMINO DE MATERIA
Término de materia o nombre geográfico como elemento de entrada Arte-
Subdivisión de forma Diccionarios.
9 (RLIN) 10094
650 #4 - PUNTO DE ACCESO ADICIONAL DE MATERIA--TÉRMINO DE MATERIA
Término de materia o nombre geográfico como elemento de entrada Ciencias-
Subdivisión de forma Diccionarios.
9 (RLIN) 10973
700 1# - ENTRADA AGREGADA--NOMBRE PERSONAL
Nombre de persona Panckoucke, Charles-Joseph,
Fechas asociadas al nombre 1736-1798
9 (RLIN) 166645
700 1# - ENTRADA AGREGADA--NOMBRE PERSONAL
Nombre de persona Rey, Marc-Michel.
9 (RLIN) 131749
740 02 - ENTRADA AGREGADA--TÍTULO RELACIONADO/ANALÍTICO NO CONTROLADO
Título relacionado o analítico no controlado Dictionnaire des sciences, des arts et des mètiers, et dans son supplément.
852 4# - LOCALIZACIÓN
Ubicación ES-MaACL
Número de control de estantería R-2138-39
Nota libre - Enc. pasta con hierros dorados
-- - Ex-libris del duque de Hyjar
Encuadernación - Olim: C-10433
Holdings
Estatus retirado Estado de pérdida Estado de daño No para préstamo Colección Biblioteca de origen Biblioteca actual Ubicación en estantería Fecha de adquisición Fuente de adquisición Total de préstamos Signatura topográfica completa Código de barras Visto por última vez Precio de reemplazo Tipo de ítem Koha
        Libros del s. XVIII Biblioteca del Ateneo de Madrid Biblioteca del Ateneo de Madrid Depósito 17/01/2008     R-2138-39 1174030 23/02/2023 23/02/2023 Libro impreso antiguo